Complex Variables and Applications (Record no. 30399)

000 -LEADER
fixed length control field 00835 a2200181 4500
020 ## - INTERNATIONAL STANDARD BOOK NUMBER
International Standard Book Number 978-0-07-305194-9
082 ## - DEWEY DECIMAL CLASSIFICATION NUMBER
Classification number 515.9
090 ## - LOCALLY ASSIGNED LC-TYPE CALL NUMBER (OCLC); LOCAL CALL NUMBER (RLIN)
-- 1793
-- 1793
100 ## - MAIN ENTRY--PERSONAL NAME
Personal name Brown, James Ward
245 ## - TITLE STATEMENT
Title Complex Variables and Applications
Statement of responsibility, etc. James Ward Brown and Ruel V. Churchill
250 ## - EDITION STATEMENT
Edition statement Eighth Edition
260 ## - PUBLICATION, DISTRIBUTION, ETC.
Place of publication, distribution, etc. Boston
Name of publisher, distributor, etc. McGraw Hill Higher Education
Date of publication, distribution, etc. 2004
300 ## - PHYSICAL DESCRIPTION
Extent xi, 468
942 ## - ADDED ENTRY ELEMENTS (KOHA)
Institution code [OBSOLETE] SNS
Koha item type Book
Call number prefix 515.9 BRO
Holdings
Withdrawn status Lost status Damaged status Not for loan Permanent Location Current Location Date acquired Total Checkouts Full call number Barcode Date last seen Date last checked out Price effective from Koha item type Source of classification or shelving scheme Shelving location Total Renewals Checked out
        School of Natural Sciences (SNS) School of Natural Sciences (SNS) 05/26/2016 6 515.9 BRO SNS0002218 01/22/2026 09/29/2021 05/26/2016 Book        
      Not For Loan School of Natural Sciences (SNS) School of Natural Sciences (SNS) 05/26/2016 1 515.9 BRO SNS0002219 12/23/2019 09/16/2018 05/26/2016 Book   Reference 1  
        School of Natural Sciences (SNS) School of Natural Sciences (SNS) 05/26/2016 7 515.9 BRO SNS0002220 12/18/2024 12/18/2024 05/26/2016 Book       04/17/2025
© 2023 Central Library, National University of Sciences and Technology. All Rights Reserved.